000 00398nam a22001697a 4500
003 MPLRDC
005 20220104142457.0
008 210129b ||||| |||| 00| 0 eng d
020 _a962-17-1077-4
082 _a987.34 LTS
100 _a刘天赐著
245 _a编剧秘笈
_c
260 _a
_b博益出版集团有限公司
_c1992
300 _b
650 _a
942 _cBK
_o987.34 LTS
999 _c31211
_d31201